[Event "Washington State Invitational"]
[Site "Redmond"]
[Date "2009.02.08"]
[Round "3"]
[White "Chang, Eddie Cheng Ho"]
[Black "Prentice, Gregory"]
[Result "0-1"]
[WhiteElo "1832"]
[BlackElo "1799"]
[PlyCount "78"]
[EventDate "2009.02.07"]
[EventType "tourn"]
[EventRounds "9"]
[EventCountry "USA"]
[SourceTitle "EXT 2017"]
[Source "ChessBase"]
[SourceDate "2016.10.25"]
[SourceVersion "1"]
[SourceVersionDate "2016.10.25"]
[SourceQuality "1"]

1. Nc3 Nf6 2. e4 d6 3. d4 g6 4. f4 Bg7 5. Nf3 Bg4 6. Bc4 0-0 7. e5 Nfd7 8. 0-0 Nb6 9. Bb3 d5 10. h3 Bxf3 11. Qxf3 e6 12. Ne2 N8d7 13. g4 f6 14. Qg3 fxe5 15. fxe5 Qe7 16. Be3 c5 17. c3 Rxf1+ 18. Rxf1 Rf8 19. h4 Rxf1+ 20. Kxf1 Qf7+ 21. Qf4 Bf8 22. Ng3 cxd4 23. cxd4 Be7 24. h5 g5 25. Qxf7+ Kxf7 26. Ke1 h6 27. Bc2 Nf8 28. b3 Ba3 29. Kd2 Bb4+ 30. Kc1 Ba3+ 31. Kd1 Nbd7 32. Bd3 Nb8 33. Kc2 Nc6 34. Kd1 a6 35. Ne2 b5 36. Bb1 Be7 37. Kc1 Bd8 38. Kb2 Bb6 39. a3 Nxe5 0-1

[Event "Washington State Invitational"]
[Site "Redmond"]
[Date "2009.02.07"]
[Round "1"]
[White "Polich, Duane"]
[Black "Prentice, Gregory"]
[Result "0-1"]
[WhiteElo "1913"]
[BlackElo "1799"]
[PlyCount "108"]
[EventDate "2009.02.07"]
[EventType "tourn"]
[EventRounds "9"]
[EventCountry "USA"]
[SourceTitle "EXT 2017"]
[Source "ChessBase"]
[SourceDate "2016.10.25"]
[SourceVersion "1"]
[SourceVersionDate "2016.10.25"]
[SourceQuality "1"]

1. c4 c5 2. Nc3 Nf6 3. g3 Nc6 4. Bg2 g6 5. d3 Bg7 6. Bd2 d6 7. a3 Bd7 8. Nf3 Rb8 9. Rb1 a5 10. Nb5 0-0 11. 0-0 d5 12. Bf4 Rc8 13. Qc1 b6 14. Re1 dxc4 15. dxc4 Nh5 16. Rd1 Nxf4 17. Qxf4 e5 18. Qd2 Be6 19. Qe1 Qe7 20. Nd2 f5 21. Nf1 Nd4 22. Ne3 Nxb5 23. Nd5 Qa7 24. cxb5 e4 25. e3 Rfd8 26. Nf4 Bb3 27. Rxd8+ Rxd8 28. Bf1 Qd7 29. Qc1 Qf7 30. Be2 Be5 31. h4 Bxf4 32. exf4 Qd5 33. Qc3 Qe6 34. Rc1 Rd4 35. Kg2 Qd5 36. h5 Rd2 37. hxg6 Rxe2 38. gxh7+ Kxh7 39. Rh1+ Kg6 40. Rh6+ Kxh6 41. Qf6+ Kh7 42. Qh4+ Kg7 43. Qg5+ Kf8 44. Qh6+ Ke7 45. Qg7+ Kd8 46. Qf8+ Kc7 47. Qe7+ Qd7 48. Qe5+ Kb7 49. Kh3 Rxf2 50. Kh4 Qd8+ 51. Kh5 Bf7+ 52. Kh6 Rh2+ 53. Kg7 Rh7+ 54. Kxh7 Qg8+ 0-1

[Event "Washington op Premier"]
[Site "Redmond"]
[Date "2008.05.25"]
[Round "3"]
[White "Hendricks, David"]
[Black "Prentice, Gregory"]
[Result "1/2-1/2"]
[WhiteElo "1656"]
[BlackElo "1799"]
[PlyCount "101"]
[EventDate "2008.05.24"]
[EventType "swiss"]
[EventRounds "6"]
[EventCountry "USA"]
[SourceTitle "EXT 2017"]
[Source "ChessBase"]
[SourceDate "2016.10.25"]
[SourceVersion "1"]
[SourceVersionDate "2016.10.25"]
[SourceQuality "1"]

1. d4 g6 2. e4 d6 3. c4 Bg7 4. Nc3 Nf6 5. Nf3 0-0 6. Be2 Nbd7 7. 0-0 e5 8. Re1 h6 9. h3 exd4 10. Nxd4 Re8 11. f3 Nh5 12. Be3 Qh4 13. Bf2 Qg5 14. Bf1 Be5 15. Nde2 Nc5 16. h4 Qd8 17. Qd2 Ne6 18. Rad1 g5 19. hxg5 hxg5 20. Nd5 Nef4 21. Nexf4 gxf4 22. Nb4 Be6 23. b3 Qg5 24. Nd3 Ng3 25. Bxg3 Qxg3 26. Nxe5 dxe5 27. Qf2 Red8 28. Qxg3+ fxg3 29. Be2 Rd4 30. Rxd4 exd4 31. f4 Rd8 32. Rd1 c5 33. f5 Bd7 34. Rd3 Bc6 35. Rxg3+ Kf8 36. Bd3 f6 37. Kf2 a6 38. Rg6 Kf7 39. Rh6 Kg7 40. Rg6+ Kf7 41. Rh6 Kg7 42. Rg6+ Kf7 43. g4 Rh8 44. Kg2 Rh7 45. g5 fxg5 46. Rxg5 Rh4 47. Kf3 Rh3+ 48. Rg3 Rh2 49. Kf4 Rxa2 50. e5 Rf2+ 51. Kg5 1/2-1/2

[Event "Washington op Premier"]
[Site "Redmond"]
[Date "2008.05.25"]
[Round "4"]
[White "Prentice, Gregory"]
[Black "Lowther, Jeff"]
[Result "0-1"]
[WhiteElo "1799"]
[BlackElo "1905"]
[PlyCount "94"]
[EventDate "2008.05.24"]
[EventType "swiss"]
[EventRounds "6"]
[EventCountry "USA"]
[SourceTitle "EXT 2017"]
[Source "ChessBase"]
[SourceDate "2016.10.25"]
[SourceVersion "1"]
[SourceVersionDate "2016.10.25"]
[SourceQuality "1"]

1. c4 e5 2. Nc3 Nf6 3. g3 d5 4. cxd5 Nxd5 5. Bg2 Nb6 6. b3 Be7 7. Nf3 Nc6 8. Bb2 0-0 9. 0-0 Bf5 10. d3 Qd7 11. Re1 Rad8 12. Qc1 Rfe8 13. a3 a6 14. Ne4 Bxe4 15. dxe4 Qe6 16. Qc2 Rd7 17. Rad1 Red8 18. e3 f6 19. Rxd7 Qxd7 20. Bf1 Kh8 21. Rc1 Ra8 22. Kg2 Bd6 23. Nh4 Ne7 24. f4 c6 25. Rd1 Qe6 26. f5 Qd7 27. Nf3 Qc7 28. h4 c5 29. g4 Nc6 30. h5 h6 31. Nh4 Rd8 32. Ng6+ Kh7 33. Bc4 Nxc4 34. bxc4 Ne7 35. a4 Nxg6 36. hxg6+ Kh8 37. Rd5 Be7 38. Kf3 Rxd5 39. exd5 Qd7 40. Bc3 b5 41. axb5 axb5 42. cxb5 Qxb5 43. Qe2 c4 44. e4 Qb3 45. Qd2 Bb4 46. d6 Qxc3+ 47. Qxc3 Bxc3 0-1